Monitorovanie charakteristík solárnych zariadení = Monitoring of solar systems characteristics : Diplomová práca

Enregistré dans:
Détails bibliographiques
Auteur principal: Jurčík, Pavol (Auteur)
Autres auteurs: Hostin, Stanislav, 1953- (xxx)
Format: Manuscrit Livre
Langue:slovaque
Publié: Bratislava : STU v Bratislave MtF KEBI, 2007
Sujets:
Tags: Ajouter un tag
Pas de tags, Soyez le premier à ajouter un tag!

MARC

LEADER 00000ntm a22000003a 4500
001 stu142693
005 20160719155553.0
008 070626s2007----xo------------------slo-d
040 |a STU  |b slo 
041 0 |a slo 
044 |a xo 
100 1 |a Jurčík, Pavol  |4 aut 
245 1 |a Monitorovanie charakteristík solárnych zariadení = Monitoring of solar systems characteristics :  |b Diplomová práca 
260 |a Bratislava :  |b STU v Bratislave MtF KEBI,  |c 2007 
300 |a 88 s  |c 1 CD-ROM 
500 |a Program: Environmentálne a bezpečnostné inžinierstvo 
650 7 |a solárna energia  |2 stusub 
650 7 |a alternatívne zdroje energie  |2 stusub 
700 1 |a Hostin, Stanislav,  |d 1953-  |4 xxx  |u M390  |U MTF Materiálovotechnologická fakulta  |T MTF Katedra environmentálneho a bezpečnostného inžinierstva  |X 2898  |U M390  |Y 177  |7 A000002898 
996 |b 284M076356  |c M*DP-6609  |l MMSKP  |s P  |a 0  |w stu142693_0001